01225nam a2200361 a 450000100060000000300080000600500170001400600190003100700150005000800410006502000180010603500230012403500240014703500250017103500210019604000260021705000200024308000100026308200140027310000340028724501040032126000340042530000110045944000200047053301640049065000280065465000270068265000290070965500270073871000190076585600620078499900170084628364FlNmELB20241216220044.0m o d | cr cn|||||||||200911r1988 sp |||||s|||||||||||spa d z9788426706645 a(MiAaPQ)EBC3184361 a(Au-PeEL)EBL3184361 a(CaPaEBR)ebr10337619 a(OCoLC)928901586 aFlNmELBbspacFlNmELB 4aHD31bC346 1988 a658.504a658.52221 aCastanyer Figueras, Francesc.10aCómo mejorar la productividad en el tallerh[recurso electronico] /cFrancesc Castanyer Figueras. aBarcelona :bMarcombo,c1988. a125 p. 0aProductica ;v1 aRecurso electrónico. Santa Fe, Arg.: e-libro, 2015. Disponible vía World Wide Web. El acceso puede estar limitado para las bibliotecas afiliadas a e-libro. 4aEmpresasxProducción. 4aProduction management. 4aIndustrial productivity. 4aLibros electrónicos.2 ae-libro, Corp.40uhttps://elibro.net/ereader/politecnicointernacional/45837 c28364d28364